World Cities by Population Density Map #1 - Statistics

General Stats
  • This quiz has been taken 29 times
  • The average score is 8 of 14
Answer Stats
Picture Answer % Correct
New York
96%
Istanbul
92%
Amsterdam
79%
Paris
75%
London
71%
Panama City
63%
Tokyo
63%
Cairo
42%
Jakarta
38%
Lagos
38%
Manila
33%
Moscow
33%
Buenos Aires
21%
Delhi / New Delhi
17%
No matching quizzes found
Score Distribution
Percent of People with Each Score
Percentile by Number Answered
Your Score History
You have not taken this quiz